Divergent -who plays who - Statistics

General Stats
  • This quiz has been taken 177 times
  • The average score is 6 of 7
Answer Stats
Hint Answer % Correct
Theo James Tobias Eaton
100%
Shailene Woodley Beatrice Prior
99%
Zoë Kravitz Christina
96%
Ansel Elgort Caleb Prior
89%
Miles Teller Peter
86%
Jai Courtney Eric
75%
Ashley Judd Natalie Prior
66%
No matching quizzes found
Score Distribution
Percent of People with Each Score
Percentile by Number Answered
Your Score History
You have not taken this quiz